000
00216nam a22000977a 4500
999
_c
16185
_d
16185
003
OSt
008
200617b ||||| |||| 00| 0 eng d
100
_a
Rabindranath Tagore
_9
4604
245
_a
Wings of Death
942
_c
BK